Online
Catalog

Los marxismos imaginarios : (Record no. 18263)

MARC details
000 -CABECERA
campo de control de longitud fija 00943nam a2200241 a 4500
001 - NÚMERO DE CONTROL
campo de control 000018743
005 - FECHA Y HORA DE LA ÚLTIMA TRANSACCIÓN
campo de control 20260218080533.0
008 - DATOS DE LONGITUD FIJA--INFORMACIÓN GENERAL
campo de control de longitud fija 100514s1969 ve 000 0 spa d
040 ## - FUENTE DE LA CATALOGACIÓN
Centro catalogador/agencia de origen DO-SdBNP
Lengua de catalogación spa
Centro/agencia transcriptor BNPHU
082 ## - NÚMERO DE LA CLASIFICACIÓN DECIMAL DEWEY
Número de clasificación 142.7
Número de documento/Ítem A769m
049 ## - FONDOS LOCALES (OCLC)
Fondos de biblioteca BNGR
100 1# - ENTRADA PRINCIPAL--NOMBRE DE PERSONA
Nombre de persona Aron, Raymond,
9 (RLIN) 40447
240 10 - TÍTULO UNIFORME
Título uniforme D´une sainte famille à l´autre. Essais sur les marxismes imaginaires.
Lenguaje de la obra Español.
245 14 - MENCIÓN DE TÍTULO
Título Los marxismos imaginarios :
Resto del título De Sartre a Althusser /
Mención de responsabilidad, etc. Raymond Aron ; traducción de Martín Sagrera.
260 ## - PUBLICACIÓN, DISTRIBUCIÓN, ETC.
Lugar de publicación, distribución, etc. Venezuela :
Nombre del editor, distribuidor, etc. Monte Ávila,
Fecha de publicación, distribución, etc. 1969.
300 ## - DESCRIPCIÓN FÍSICA
Extensión 172 p. ;
Dimensiones 20 cm.
534 ## - NOTA SOBRE LA VERSIÓN ORIGINAL
Frase introductoria Título del original francés:
Mención de título del original D´une sainte famille à l´autre. Essais sur les marxismes imaginaires.
504 ## - NOTA DE BIBLIOGRAFÍA, ETC.
Nota de bibliografía, etc. Incluye referencias bibliográficas y notas al pie de las páginas.
650 #4 - PUNTO DE ACCESO ADICIONAL DE MATERIA--TÉRMINO DE MATERIA
Término de materia o nombre geográfico como elemento de entrada Fenomenología
9 (RLIN) 11303
650 #0 - PUNTO DE ACCESO ADICIONAL DE MATERIA--TÉRMINO DE MATERIA
Término de materia o nombre geográfico como elemento de entrada Marxismo
9 (RLIN) 5234
700 1# - PUNTO DE ACCESO ADICIONAL--NOMBRE DE PERSONA
Nombre de persona Sagrera, Martín,
Término indicativo de función/relación tr.
9 (RLIN) 20801
910 ## - DATOS DE OPCIÓN DEL USUARIO (OCLC)
Datos de opción del usuario Catalogación original
Holdings
Estado de retiro Estado de pérdida Restricciones de uso No para préstamo Código de colección Localización permanente Ubicación/localización actual Ubicación en estantería Fecha de adquisición Número de inventario Total de préstamos Signatura topográfica completa Código de barras Fecha visto por última vez Precio válido a partir de Tipo de ítem Koha
        Monografías: Libros y Folletos General General En catalogación 14.05.2010 LF1   142.7 A769m 18743-10 25.06.2020 25.06.2020 Préstamo en sala

Powered by Koha